000 00410nam a2200133Ia 4500
005 20260328104249.0
008 260328s9999||||xx |||||||||||||| ||und||
100 _aCooper, Jeremy
245 0 _aVictorian & Edwardian :
_b furniture & Interiores from the gothic revival to art Nouveau /
_cJeremy Cooper
260 _bThames & Hudson
300 _a254 p.
650 _aDISEÑO INDUSTRIAL - ELEMENTOS
942 _cBK
999 _c10193
_d10193